01216nam a2200301 a 4500001001200000003000800012006001900020007001500039008004100054020001800095020001800113040002100131035002100152050002200173245015000195260004800345300003200393500002000425533015200445650006300597650002400660655002900684700002100713700001800734710001700752856012600769999001900895ebr10206119CaPaEBRm u cr cn|||||||||080816s2008 mauae s 001 0 eng d z9780123725318 z9780080556970 aCaPaEBRcCaPaEBR a(OCoLC)19181937514aR834b.C55 2008eb00aClinical simulationh[electronic resource] :boperations, engineering, and management /c[edited by] Richard R. Kyle, Jr., and W. Bosseau Murray. aBurlington, Mass. :bAcademic Press,c2008. axxv, 821 p. :bill., plans. aIncludes index. aElectronic reproduction.bPalo Alto, Calif. :cebrary,d2013.nAvailable via World Wide Web.nAccess may be limited to ebrary affiliated libraries. 0aClinical medicinexStudy and teachingxSimulation methods. 0aSimulated patients. 7aElectronic books.2local1 aKyle, Richard R.1 aMurray, W. B.2 aebrary, Inc.40uhttp://site.ebrary.com/lib/rucke/Doc?id=10206119zAn electronic book accessible through the World Wide Web; click to view c225558d225558